[Event "NZL-ch op 122nd"]
[Site "Auckland"]
[Date "2015.01.03"]
[Round "3"]
[White "Li, William Xiang Wei"]
[Black "Reilly, Tim"]
[Result "0-1"]
[WhiteElo "1935"]
[BlackElo "2238"]
[PlyCount "72"]
[EventDate "2015.01.01"]
[EventType "swiss"]
[EventRounds "9"]
[EventCountry "NZL"]
[SourceTitle "CBM 164 Extra"]
[Source "ChessBase"]
[SourceDate "2015.03.02"]
[SourceVersion "1"]
[SourceVersionDate "2015.03.02"]
[SourceQuality "1"]

1. e4 d6 2. d4 g6 3. Nc3 Bg7 4. Be3 a6 5. Qd2 Nd7 6. h4 h6 7. f3 b5 8. g4 Bb7 9. Nh3 c5 10. d5 Ne5 11. Be2 Nf6 12. Nf2 h5 13. g5 Nfd7 14. f4 Nc4 15. Bxc4 bxc4 16. Rf1 Rb8 17. Ncd1 Qc7 18. Nh3 Bc8 19. c3 Ne5 20. fxe5 Bxh3 21. Rh1 Bd7 22. exd6 exd6 23. Nf2 Be5 24. 0-0-0 Qa5 25. a3 Rb3 26. Qc2 Ba4 27. Bd2 Rxa3 28. Qb1 Rb3 29. Rh3 0-0 30. Rf1 Rfb8 31. Nd1 R3b7 32. Qa1 Qb5 33. Rhf3 Qb3 34. Qb1 Qa3 35. Rxf7 Rxf7 36. Rxf7 Kxf7 0-1

[Event "NZL-ch op 122nd"]
[Site "Auckland"]
[Date "2015.01.01"]
[Round "1"]
[White "Lyall, Simon"]
[Black "Reilly, Tim"]
[Result "0-1"]
[WhiteElo "1823"]
[BlackElo "2238"]
[PlyCount "54"]
[EventDate "2015.01.01"]
[EventType "swiss"]
[EventRounds "9"]
[EventCountry "NZL"]
[SourceTitle "CBM 164 Extra"]
[Source "ChessBase"]
[SourceDate "2015.03.02"]
[SourceVersion "1"]
[SourceVersionDate "2015.03.02"]
[SourceQuality "1"]

1. e4 d6 2. f4 Nf6 3. Nc3 g6 4. Nf3 Bg7 5. e5 Nfd7 6. d4 c5 7. exd6 0-0 8. dxe7 Qxe7+ 9. Be2 cxd4 10. Nxd4 Re8 11. 0-0 Qc5 12. Kh1 Qxd4 13. Bf3 Qxd1 14. Rxd1 Bxc3 15. bxc3 Nc6 16. Ba3 Nf6 17. Kg1 Bg4 18. Bxc6 bxc6 19. Rd6 Re6 20. Rd2 Ne4 21. Rd3 Rae8 22. h3 Be2 23. Re3 Bc4 24. Bb4 Nd2 25. Rxe6 Rxe6 26. Rd1 Re2 27. a4 Bd5 0-1

[Event "Bangkok op 14th"]
[Site "Bangkok"]
[Date "2014.04.16"]
[Round "6"]
[White "Hoffman, Ron"]
[Black "Reilly, Tim"]
[Result "1-0"]
[WhiteElo "2065"]
[BlackElo "2245"]
[PlyCount "79"]
[EventDate "2014.04.12"]
[EventType "swiss"]
[EventRounds "9"]
[EventCountry "THA"]
[SourceTitle "CBM 159 Extra"]
[Source "ChessBase"]
[SourceDate "2014.04.24"]
[SourceVersion "1"]
[SourceVersionDate "2014.04.24"]
[SourceQuality "1"]

1. d4 d6 2. g3 g6 3. Bg2 Bg7 4. Nf3 f5 5. c3 Nf6 6. Qb3 e6 7. Bg5 0-0 8. Nbd2 d5 9. Ne5 c6 10. 0-0 Nbd7 11. Nd3 h6 12. Bxf6 Nxf6 13. f3 b6 14. Ne5 Qe8 15. e4 f4 16. Rae1 fxg3 17. hxg3 Nh5 18. Kh2 Ba6 19. Rf2 Bxe5 20. dxe5 Qe7 21. exd5 cxd5 22. Bh3 Ng7 23. Qc2 Nf5 24. f4 Kg7 25. Nf3 Rac8 26. Bxf5 gxf5 27. Nd4 Rf7 28. Rh1 Rh8 29. Kg1 Kf8 30. Rfh2 Rfh7 31. Rh5 Kg8 32. R1h4 Qg7 33. Kf2 Qg6 34. Qa4 Rg7 35. g4 fxg4 36. f5 g3+ 37. Kg1 exf5 38. Qxa6 f4 39. Qc8+ Kf7 40. Rxf4+ 1-0

[Event "George Trundle IM"]
[Site "Auckland"]
[Date "2012.10.07"]
[Round "9"]
[White "Reilly, Tim"]
[Black "Watson, Bruce R"]
[Result "1/2-1/2"]
[WhiteElo "2251"]
[BlackElo "2300"]
[PlyCount "91"]
[EventDate "2012.09.29"]
[EventType "tourn"]
[EventRounds "9"]
[EventCountry "NZL"]
[EventCategory "2"]
[SourceTitle "EXT 2018"]
[Source "ChessBase"]
[SourceDate "2017.10.13"]
[SourceVersion "1"]
[SourceVersionDate "2017.10.13"]
[SourceQuality "1"]

1. d4 Nf6 2. c4 e6 3. Nc3 d5 4. cxd5 exd5 5. Bg5 Be7 6. e3 c6 7. Bd3 Nbd7 8. Nge2 Nh5 9. Bxe7 Qxe7 10. g4 Nhf6 11. Ng3 Nb6 12. g5 Ng8 13. h4 Bd7 14. Qc2 0-0-0 15. Nf5 Bxf5 16. Bxf5+ Kb8 17. 0-0-0 g6 18. Bd3 h6 19. Rhg1 hxg5 20. hxg5 Rh5 21. Qb3 Rxg5 22. Rxg5 Qxg5 23. a4 Ne7 24. a5 Nc4 25. Bxc4 dxc4 26. Qxc4 Nd5 27. a6 Nxc3 28. bxc3 Qd5 29. Qxd5 cxd5 30. axb7 Kxb7 31. Kc2 a5 32. c4 dxc4 33. Kc3 Kc6 34. Kxc4 Ra8 35. Ra1 g5 36. e4 f6 37. Ra4 g4 38. Ra3 a4 39. Kb4 Re8 40. Rxa4 Rxe4 41. Ra6+ Kd5 42. Rxf6 Kxd4 43. Rf8 Ke5+ 44. Kc3 Rf4 45. Re8+ Kf5 46. Kd3 1/2-1/2

[Event "George Trundle IM"]
[Site "Auckland"]
[Date "2012.10.06"]
[Round "8"]
[White "Li, Zuhao Luke"]
[Black "Reilly, Tim"]
[Result "1/2-1/2"]
[WhiteElo "2249"]
[BlackElo "2251"]
[PlyCount "65"]
[EventDate "2012.09.29"]
[EventType "tourn"]
[EventRounds "9"]
[EventCountry "NZL"]
[EventCategory "2"]
[SourceTitle "EXT 2018"]
[Source "ChessBase"]
[SourceDate "2017.10.13"]
[SourceVersion "1"]
[SourceVersionDate "2017.10.13"]
[SourceQuality "1"]

1. d4 d6 2. e4 Nf6 3. Nc3 g6 4. Be3 a6 5. e5 Ng4 6. Bf4 Bg7 7. Nf3 Nc6 8. h3 dxe5 9. dxe5 Ngxe5 10. Nxe5 Nxe5 11. Qxd8+ Kxd8 12. 0-0-0+ Bd7 13. Ne4 Ke8 14. Rd5 f6 15. Nc5 Bc6 16. Rd1 Kf7 17. Bxe5 fxe5 18. Bc4+ Kf6 19. Bd5 Bxd5 20. Rxd5 b6 21. Ne4+ Kf5 22. Ng3+ Ke6 23. Rhd1 Bh6+ 24. Kb1 Rhf8 25. Ne4 Rf4 26. f3 Rff8 27. a4 a5 28. Rd7 Rfc8 29. Nc3 c6 30. Ne4 Rab8 31. b3 Be3 32. R7d3 Bh6 33. Rd7 1/2-1/2

[Event "George Trundle IM"]
[Site "Auckland"]
[Date "2012.10.05"]
[Round "7"]
[White "Reilly, Tim"]
[Black "Steadman, Michael VR"]
[Result "0-1"]
[WhiteElo "2251"]
[BlackElo "2200"]
[PlyCount "58"]
[EventDate "2012.09.29"]
[EventType "tourn"]
[EventRounds "9"]
[EventCountry "NZL"]
[EventCategory "2"]
[SourceTitle "EXT 2018"]
[Source "ChessBase"]
[SourceDate "2017.10.13"]
[SourceVersion "1"]
[SourceVersionDate "2017.10.13"]
[SourceQuality "1"]

1. d4 Nf6 2. c4 Nc6 3. Nf3 e6 4. Nc3 Bb4 5. Qc2 d6 6. g3 0-0 7. a3 Bxc3+ 8. Qxc3 Ne4 9. Qc2 f5 10. Bg2 Qf6 11. d5 Ne7 12. dxe6 Bxe6 13. 0-0 a5 14. Be3 c5 15. Rfd1 d5 16. cxd5 Nxd5 17. Bd2 a4 18. Be1 Nb6 19. Nd2 Nxd2 20. Rxd2 Qe5 21. Rd3 f4 22. Qc3 Qf5 23. Bxb7 Rab8 24. Bf3 Nc4 25. Rb1 Rb3 26. Qc1 Rxd3 27. g4 Qg6 28. exd3 Ne5 29. Bd1 Bxg4 0-1

[Event "George Trundle IM"]
[Site "Auckland"]
[Date "2012.10.03"]
[Round "5"]
[White "Reilly, Tim"]
[Black "Smith, Robert Wayne"]
[Result "1-0"]
[WhiteElo "2251"]
[BlackElo "2214"]
[PlyCount "81"]
[EventDate "2012.09.29"]
[EventType "tourn"]
[EventRounds "9"]
[EventCountry "NZL"]
[EventCategory "2"]
[SourceTitle "EXT 2018"]
[Source "ChessBase"]
[SourceDate "2017.10.13"]
[SourceVersion "1"]
[SourceVersionDate "2017.10.13"]
[SourceQuality "1"]

1. d4 Nf6 2. c4 e6 3. Nc3 Bb4 4. e3 b6 5. Nge2 Ba6 6. Ng3 Bxc3+ 7. bxc3 d5 8. Ba3 Bxc4 9. Bxc4 dxc4 10. Qa4+ Qd7 11. Qxc4 Qc6 12. Qxc6+ Nxc6 13. Ke2 0-0-0 14. Rhc1 h5 15. c4 h4 16. Nf1 h3 17. g3 Kd7 18. Nd2 Rb8 19. Rc2 g5 20. d5 exd5 21. cxd5 Nxd5 22. Rd1 Ncb4 23. Bxb4 Nxb4 24. Ne4+ Ke6 25. Rxc7 Rbd8 26. Nxg5+ Kf6 27. Rxd8 Rxd8 28. f4 Nxa2 29. Rxf7+ Kg6 30. Rxa7 Nc3+ 31. Kf3 Rd3 32. Nxh3 Nd5 33. Ke4 Rd2 34. f5+ Kf6 35. g4 Nc3+ 36. Kf3 Rxh2 37. Nf2 Ke5 38. Re7+ Kd6 39. Re6+ Kc7 40. f6 Rh8 41. g5 1-0

[Event "George Trundle IM"]
[Site "Auckland"]
[Date "2012.10.02"]
[Round "4"]
[White "Johansen, Darryl Keith"]
[Black "Reilly, Tim"]
[Result "1/2-1/2"]
[WhiteElo "2446"]
[BlackElo "2251"]
[PlyCount "143"]
[EventDate "2012.09.29"]
[EventType "tourn"]
[EventRounds "9"]
[EventCountry "NZL"]
[EventCategory "2"]
[SourceTitle "EXT 2018"]
[Source "ChessBase"]
[SourceDate "2017.10.13"]
[SourceVersion "1"]
[SourceVersionDate "2017.10.13"]
[SourceQuality "1"]

1. Nf3 g6 2. g3 Bg7 3. d4 f5 4. Bg2 Nf6 5. 0-0 0-0 6. b3 d6 7. Bb2 Ne4 8. Nbd2 Nxd2 9. Qxd2 Nc6 10. b4 Qe8 11. b5 Nd8 12. a4 Nf7 13. c4 e5 14. dxe5 dxe5 15. Qc3 Be6 16. Nd2 c6 17. bxc6 bxc6 18. Rad1 Qc8 19. Nb3 Qa6 20. Rc1 Rab8 21. Nc5 Qc8 22. Rfd1 Re8 23. Rc2 Bf8 24. Ba3 Bg7 25. e4 f4 26. Rcd2 Bh3 27. Nd7 Bxg2 28. Kxg2 Rb7 29. f3 Ng5 30. g4 Ne6 31. Nc5 Nxc5 32. Bxc5 Qe6 33. Rd6 Qc8 34. Qa5 Rc7 35. R6d2 Qb7 36. Bb4 Bf6 37. Bc3 Rf7 38. Rb2 Qe7 39. Bb4 Qb7 40. Ba3 Qc8 41. Bc5 h5 42. h3 hxg4 43. hxg4 Qe6 44. Qa6 Be7 45. Bxa7 Rh7 46. Bf2 Bh4 47. Rh1 Bxf2 48. Rxh7 Kxh7 49. Rxf2 Qd6 50. Qb6 Rd8 51. a5 Qf6 52. Qb1 Kg7 53. Qg1 Qh4 54. Qh2 Qe7 55. Qg1 Qh4 56. Qh2 Qe7 57. Qh1 Qa3 58. Qb1 Qxa5 59. Qb7+ Kh6 60. Qe7 Rd1 61. Qh4+ Kg7 62. Qe7+ Kh6 63. g5+ Kh5 64. Kh3 Rh1+ 65. Rh2 Rxh2+ 66. Kxh2 Qc3 67. Kg2 Kh4 68. Qh7+ Kxg5 69. Qe7+ Kh6 70. Qf8+ Kg5 71. Qd8+ Kh5 72. Qh8+ 1/2-1/2

[Event "George Trundle IM"]
[Site "Auckland"]
[Date "2012.10.01"]
[Round "3"]
[White "Reilly, Tim"]
[Black "Hague, Ben"]
[Result "0-1"]
[WhiteElo "2251"]
[BlackElo "2314"]
[PlyCount "60"]
[EventDate "2012.09.29"]
[EventType "tourn"]
[EventRounds "9"]
[EventCountry "NZL"]
[EventCategory "2"]
[SourceTitle "EXT 2018"]
[Source "ChessBase"]
[SourceDate "2017.10.13"]
[SourceVersion "1"]
[SourceVersionDate "2017.10.13"]
[SourceQuality "1"]

1. d4 d5 2. c4 e6 3. Nc3 c5 4. cxd5 exd5 5. Nf3 Nc6 6. g3 Nf6 7. Bg2 Be7 8. 0-0 0-0 9. Bg5 c4 10. Ne5 Be6 11. b3 h6 12. Bf4 Qa5 13. Nxc6 bxc6 14. Rc1 Ba3 15. Rc2 Bf5 16. e4 cxb3 17. axb3 dxe4 18. Nb1 Bb4 19. Rxc6 Rac8 20. Rxc8 Rxc8 21. Nd2 Rc3 22. Nc4 Qa2 23. Qa1 Qxa1 24. Rxa1 Rxb3 25. Nd6 Bc3 26. Rc1 Bg6 27. Be3 Bb4 28. Rc8+ Kh7 29. Nc4 Rb1+ 30. Bf1 Bf5 0-1

[Event "Queenstown op"]
[Site "Queenstown"]
[Date "2012.01.21"]
[Round "7"]
[White "Tao, Trevor"]
[Black "Reilly, Tim"]
[Result "1-0"]
[WhiteElo "2422"]
[BlackElo "2266"]
[PlyCount "73"]
[EventDate "2012.01.15"]
[EventType "swiss"]
[EventRounds "9"]
[EventCountry "NZL"]
[SourceTitle "CBM 146 Extra"]
[Source "ChessBase"]
[SourceDate "2012.02.29"]
[SourceVersion "1"]
[SourceVersionDate "2012.02.29"]
[SourceQuality "1"]

1. d4 d6 2. Nf3 g6 3. g3 Bg7 4. Bg2 f5 5. 0-0 Nf6 6. b3 0-0 7. Bb2 c6 8. c4 Na6 9. Nbd2 Rb8 10. Qc2 b5 11. a3 Bd7 12. Bc3 Kh8 13. Rfe1 Qc7 14. e4 fxe4 15. Nxe4 Bf5 16. Nh4 Nxe4 17. Bxe4 Bxe4 18. Qxe4 Rf7 19. Rac1 bxc4 20. bxc4 Rbf8 21. f4 c5 22. d5 Qd7 23. Bxg7+ Kxg7 24. Nf3 h6 25. Nh4 Qg4 26. Re3 Rxf4 27. Qxe7+ R8f7 28. Qxd6 Rxc4 29. Rce1 Nc7 30. Rf3 Qd4+ 31. Kh1 Qxd5 32. Qxg6+ Kf8 33. Ref1 Rxf3 34. Rxf3+ Ke7 35. Nf5+ Kd7 36. Qg7+ Kd8 37. Qe7+ 1-0

[Event "Queenstown op"]
[Site "Queenstown"]
[Date "2012.01.18"]
[Round "4"]
[White "Hansen, Sune Berg"]
[Black "Reilly, Tim"]
[Result "1/2-1/2"]
[WhiteElo "2572"]
[BlackElo "2266"]
[PlyCount "121"]
[EventDate "2012.01.15"]
[EventType "swiss"]
[EventRounds "9"]
[EventCountry "NZL"]
[SourceTitle "CBM 146 Extra"]
[Source "ChessBase"]
[SourceDate "2012.02.29"]
[SourceVersion "1"]
[SourceVersionDate "2012.02.29"]
[SourceQuality "1"]

1. e4 d6 2. d4 Nf6 3. Nc3 g6 4. Be3 c6 5. h3 Bg7 6. f4 0-0 7. Qf3 Qa5 8. Bd3 Na6 9. Nge2 Nb4 10. 0-0 Nxd3 11. cxd3 b5 12. g4 b4 13. Nd1 Ba6 14. Nf2 Nd7 15. f5 c5 16. g5 cxd4 17. Nxd4 Ne5 18. Qg3 Rac8 19. a3 b3 20. Rad1 Qa4 21. f6 exf6 22. Nf5 fxg5 23. Ne7+ Kh8 24. Nxc8 Rxc8 25. Bxg5 Qd4 26. Bc1 Rc2 27. Kh1 h5 28. Qe3 Qxe3 29. Bxe3 Rxb2 30. Rb1 Nxd3 31. Rxb2 Nxb2 32. Rb1 Bc4 33. Bxa7 Na4 34. Nd1 b2 35. Nxb2 Nxb2 36. Kg2 Bd3 37. Re1 Bc3 38. Re3 Bd2 39. Bd4+ Kh7 40. Kf3 Bxe3 41. Kxe3 Bf1 42. Bxb2 Bxh3 43. Bf6 Bd7 44. Kf4 Bc6 45. Be7 Kg7 46. Bxd6 f6 47. Be7 g5+ 48. Ke3 Kg6 49. Bd8 h4 50. Be7 h3 51. Bd6 Kh5 52. Bc7 Kh4 53. Bh2 Kh5 54. Bc7 Kg6 55. Bb8 Kf7 56. Bh2 Ke6 57. Bg1 Kd6 58. Kd4 Kc7 59. Ke3 Kb7 60. Kf3 f5 61. Kg3 1/2-1/2

[Event "Queenstown op"]
[Site "Queenstown"]
[Date "2012.01.17"]
[Round "3"]
[White "Reilly, Tim"]
[Black "Maroroa, Sue Yuchan"]
[Result "1-0"]
[WhiteElo "2266"]
[BlackElo "2020"]
[PlyCount "93"]
[EventDate "2012.01.15"]
[EventType "swiss"]
[EventRounds "9"]
[EventCountry "NZL"]
[SourceTitle "CBM 146 Extra"]
[Source "ChessBase"]
[SourceDate "2012.02.29"]
[SourceVersion "1"]
[SourceVersionDate "2012.02.29"]
[SourceQuality "1"]

1. d4 Nf6 2. c4 e6 3. Nc3 Bb4 4. e3 0-0 5. Nge2 d5 6. a3 Be7 7. cxd5 exd5 8. g3 c6 9. Bg2 Na6 10. 0-0 Nc7 11. Nf4 Re8 12. Qc2 Ne6 13. Nd3 Bd7 14. Ne5 Nf8 15. Bd2 Be6 16. b4 N6d7 17. f4 f6 18. Nf3 b5 19. Ne2 Rc8 20. f5 Bf7 21. Nf4 Nb6 22. Rfe1 Bd6 23. Nd3 Nc4 24. Nc5 Nd7 25. a4 bxa4 26. Rxa4 Nxc5 27. dxc5 Bb8 28. Nd4 Re7 29. Ra6 Qe8 30. Nxc6 Rxc6 31. Rxc6 Nxe3 32. Qa4 d4 33. Qa6 Bc7 34. Bf3 Bc4 35. Qa1 Qd7 36. Qc1 Bd5 37. Rxc7 Qxc7 38. Rxe3 dxe3 39. Bxd5+ Kh8 40. Bxe3 Qe5 41. Be6 g6 42. Qd2 Qb8 43. Bf4 Qe8 44. Bd6 Rg7 45. Qc3 Qa4 46. Bb3 Qe8 47. c6 1-0

[Event "Queenstown op"]
[Site "Queenstown"]
[Date "2012.01.15"]
[Round "1"]
[White "Reilly, Tim"]
[Black "Ayaz, Hacer"]
[Result "1-0"]
[WhiteElo "2266"]
[BlackElo "1846"]
[PlyCount "79"]
[EventDate "2012.01.15"]
[EventType "swiss"]
[EventRounds "9"]
[EventCountry "NZL"]
[SourceTitle "CBM 146 Extra"]
[Source "ChessBase"]
[SourceDate "2012.02.29"]
[SourceVersion "1"]
[SourceVersionDate "2012.02.29"]
[SourceQuality "1"]

1. d4 d5 2. c4 Nf6 3. Nc3 c6 4. e3 Nbd7 5. Nf3 e6 6. Qc2 dxc4 7. Bxc4 Nb6 8. Bd3 Be7 9. 0-0 0-0 10. e4 h6 11. Re1 Qc7 12. g3 Nfd7 13. Bf4 Qd8 14. Rac1 g5 15. Be3 Qc7 16. Qe2 e5 17. a4 a5 18. Nxe5 Nxe5 19. dxe5 Nd7 20. f4 Kg7 21. Qh5 Qd8 22. Bc4 Qe8 23. Bd4 f6 24. Qxe8 Rxe8 25. e6 Nc5 26. f5 b6 27. Kg2 Bb7 28. e5 Rad8 29. exf6+ Bxf6 30. Bxc5 bxc5 31. Ne4 Bc8 32. b3 Bd4 33. Rf1 Kf8 34. Kh3 Kg7 35. Rcd1 Kh7 36. Kg4 Re7 37. Nxc5 Ra7 38. Kh5 Bf6 39. Rxd8 Bxd8 40. f6 1-0

[Event "Asia Cities-ch 17th"]
[Site "Jakarta"]
[Date "2011.04.28"]
[Round "9.7"]
[White "Reilly, Tim"]
[Black "Obada, Ahmad Azeezjawad"]
[Result "1/2-1/2"]
[WhiteElo "2271"]
[BlackElo "2348"]
[PlyCount "84"]
[EventDate "2011.04.22"]
[EventType "team-swiss"]
[EventRounds "9"]
[EventCountry "INA"]
[SourceTitle "CBM 142 Extra"]
[Source "ChessBase"]
[SourceDate "2011.06.27"]
[SourceVersion "1"]
[SourceVersionDate "2011.06.27"]
[SourceQuality "1"]
[WhiteTeam "Sydney"]
[BlackTeam "Baghdad"]
[WhiteTeamCountry "AUS"]
[BlackTeamCountry "IRQ"]

1. d4 Nf6 2. c4 g6 3. Nc3 Bg7 4. e4 d6 5. f3 0-0 6. Be3 Nc6 7. Nge2 e5 8. d5 Ne7 9. Qd2 Ne8 10. 0-0-0 f5 11. Kb1 Nf6 12. h3 b6 13. g4 a6 14. Rg1 Rf7 15. exf5 gxf5 16. Bg5 Qf8 17. Nc1 fxg4 18. fxg4 Nd7 19. Bd3 Nc5 20. Bc2 Ng6 21. N1e2 Nf4 22. Nxf4 exf4 23. Rdf1 Be5 24. Rf3 h6 25. Bh4 b5 26. g5 bxc4 27. gxh6+ Kh8 28. h7 Rxh7 29. Bxh7 Kxh7 30. Bg5 Bf5+ 31. Ka1 Nd3 32. Bxf4 Nxf4 33. Rxf4 Bxf4 34. Qxf4 Bd3 35. Qh4+ Qh6 36. Qe7+ Kh8 37. a3 Rg8 38. Rxg8+ Kxg8 39. Qxc7 Qc1+ 40. Ka2 Bc2 41. Qxd6 Kg7 42. Qe7+ Kg8 1/2-1/2